Majstri umeleckého slova výborné výkony, prirodzený talent

Bibliographic Details
Main Author: Polahárová, E. (Author)
Format: Article
Language:Slovak
Subjects:

MARC

LEADER 00000nab a2200000 a 4500
001 vtls001025432
003 SK-MaSNL
005 20260303042729.0
008 040720e19980528xo 0 slo
035 |a SL3988 
040 |a SLLK  |b slo  |c SLLK  |e AACR2 
041 0 |a slo 
044 |a xo  |c SK 
080 |a 82  |2 1981 
080 |a 06.06  |2 1981 
100 1 |a Polahárová, E.  |4 aut  |9 1029296 
245 1 0 |a Majstri umeleckého slova  |b výborné výkony, prirodzený talent 
518 |a 13.05.1998 
611 1 7 |a Hviezdoslavov Kubín (súťaž v umeleckom prednese)  |2 SLLK  |9 205366 
650 0 7 |a recitačné súťaže  |2 SLLK  |9 71896 
650 0 7 |a kolá okresné  |2 SLLK  |9 1022529 
650 0 7 |a výsledky  |2 SLLK  |9 493505 
651 7 |a Stará Ľubovňa (Slovensko)  |2 SLLK  |9 19193 
655 7 |a periodikum  |2 snkbucl  |9 29553 
773 0 8 |t Ľubovnianske noviny  |g Roč. 24, č.20, 28.5.1998, s. 2 
852 |a ZVYKNI  |b KIS3GCP 
999 |c 1693516  |d 1695446